[Event "Lleida Province-ch"]
[Site "Tornabous"]
[Date "2014.10.19"]
[Round "3"]
[White "Solani Nunez, Joel"]
[Black "Aribau Rivas, Miguel Angel"]
[Result "0-1"]
[WhiteElo "1919"]
[BlackElo "2150"]
[PlyCount "98"]
[EventDate "2014.10.05"]
[EventType "swiss"]
[EventRounds "9"]
[EventCountry "ESP"]
[SourceTitle "CBM 163 Extra"]
[Source "ChessBase"]
[SourceDate "2014.12.23"]
[SourceVersion "1"]
[SourceVersionDate "2014.12.23"]
[SourceQuality "1"]

1. e4 c5 2. f4 d6 3. b3 Nf6 4. d3 g6 5. Bb2 Bg7 6. Nf3 0-0 7. Be2 Nc6 8. Nbd2 Bd7 9. 0-0 Re8 10. Qc1 Rc8 11. a4 Qc7 12. Nc4 d5 13. exd5 Nxd5 14. Nfe5 Nd4 15. Qd2 Be6 16. g3 Rcd8 17. Rad1 b6 18. Bg4 Nf5 19. Bf3 Qc8 20. Bg2 Nd4 21. Rf2 Bf6 22. Nf3 Nxf3+ 23. Bxf3 Bxb2 24. Nxb2 Nb4 25. Nc4 Bxc4 26. bxc4 Qd7 27. Ra1 a5 28. Re2 Qd4+ 29. Qe3 Qxa1+ 30. Kg2 Qd4 31. Qxd4 cxd4 32. Re5 Nxc2 33. Bc6 Rf8 34. Rxe7 Nb4 35. Be4 Rfe8 36. Rb7 Rd6 37. Kf3 f5 38. Bd5+ Nxd5 39. cxd5 Re3+ 40. Kf2 Rxd3 41. Ke2 Rb3 42. h3 Rxd5 43. g4 d3+ 44. Kd1 d2 45. g5 Rb1+ 46. Ke2 d1Q+ 47. Kf2 Qe1+ 48. Kg2 Rd2+ 49. Kf3 Rb3# 0-1

[Event "Vallfogona Hostal Nou op"]
[Site "Vallfogona de Balaguer"]
[Date "2014.05.03"]
[Round "2"]
[White "Parramon Guillaumet, Jaime"]
[Black "Solani Nunez, Joel"]
[Result "1-0"]
[WhiteElo "2059"]
[BlackElo "1944"]
[PlyCount "49"]
[EventDate "2014.04.26"]
[EventType "swiss"]
[EventRounds "8"]
[EventCountry "ESP"]
[SourceTitle "EXT 2015"]
[Source "ChessBase"]
[SourceDate "2014.11.20"]
[SourceVersion "1"]
[SourceVersionDate "2014.11.20"]
[SourceQuality "1"]

1. Nf3 Nc6 2. c4 e5 3. Nc3 d6 4. g3 Be6 5. b3 Be7 6. Bg2 Qd7 7. Nd5 Bh3 8. Bxh3 Qxh3 9. Nxc7+ Kd7 10. Nxa8 Nh6 11. d4 Ng4 12. dxe5 Qg2 13. Rf1 Ncxe5 14. Qd5 Nxf3+ 15. exf3 Nxh2 16. Qxb7+ Kd8 17. Qc7+ Ke8 18. Qc8+ Bd8 19. Nc7+ Ke7 20. Nd5+ Ke8 21. Qc6+ Kf8 22. Qxd6+ Ke8 23. Qc6+ Kf8 24. Ba3+ Kg8 25. Qe8# 1-0

[Event "Balaguer op 17th"]
[Site "Balaguer"]
[Date "2012.06.23"]
[Round "8"]
[White "Solani Nunez, Joel"]
[Black "Parramon Guillaumet, Jaime"]
[Result "1/2-1/2"]
[WhiteElo "1626"]
[BlackElo "1873"]
[PlyCount "66"]
[EventDate "2012.06.16"]
[EventType "swiss"]
[EventRounds "9"]
[EventCountry "ESP"]
[SourceTitle "EXT 2013"]
[Source "ChessBase"]
[SourceDate "2012.11.22"]
[SourceVersion "1"]
[SourceVersionDate "2012.11.22"]
[SourceQuality "1"]

1. f4 d5 2. Nf3 Nf6 3. e3 Bg4 4. h3 Bxf3 5. Qxf3 e6 6. g4 Ne4 7. d3 Qh4+ 8. Kd1 Nf2+ 9. Ke2 Nxh1 10. Qxh1 f5 11. Qf3 fxg4 12. Qxg4 Qxg4+ 13. hxg4 g6 14. Bg2 h5 15. g5 Nd7 16. Nd2 0-0-0 17. Nf3 Bd6 18. d4 Nb8 19. Nh4 Rhg8 20. Bh3 Kd7 21. b3 c5 22. Bb2 Nc6 23. c4 Ke7 24. dxc5 Bxc5 25. Bf6+ Kf7 26. Bxd8 Rxd8 27. cxd5 exd5 28. Bg2 Ne7 29. Rd1 Rd6 30. Rd3 b5 31. e4 dxe4 32. Bxe4 Rxd3 33. Bxd3 a6 1/2-1/2

[Event "Balaguer op 17th"]
[Site "Balaguer"]
[Date "2012.06.21"]
[Round "6"]
[White "Solani Nunez, Joel"]
[Black "Barbosa Martinez, Marcel"]
[Result "1-0"]
[WhiteElo "1626"]
[BlackElo "1724"]
[PlyCount "145"]
[EventDate "2012.06.16"]
[EventType "swiss"]
[EventRounds "9"]
[EventCountry "ESP"]
[SourceTitle "EXT 2013"]
[Source "ChessBase"]
[SourceDate "2012.11.22"]
[SourceVersion "1"]
[SourceVersionDate "2012.11.22"]
[SourceQuality "1"]

1. e4 c6 2. d4 d5 3. exd5 cxd5 4. Nc3 Bf5 5. Nf3 e6 6. Bd3 Bxd3 7. Qxd3 Nc6 8. Bf4 Bd6 9. Bg3 Nf6 10. 0-0 Bxg3 11. fxg3 0-0 12. Ng5 g6 13. Ne2 Nh5 14. Nf3 f5 15. Qe3 Ng7 16. Nf4 Qf6 17. Rfe1 Rfe8 18. Nd3 b6 19. Re2 Re7 20. Rc1 Rc8 21. c4 dxc4 22. Rxc4 Rec7 23. Rec2 Ne8 24. b3 Nd6 25. R4c3 Ne4 26. Rc4 b5 27. Rc5 Nxc5 28. Nxc5 Nd8 29. Re2 Re7 30. d5 e5 31. Nxe5 Nf7 32. Ne6 Nxe5 33. Qxe5 Qxe5 34. Rxe5 Rc1+ 35. Kf2 Rd7 36. Ke3 Re1+ 37. Kd4 Rxe5 38. Kxe5 Kf7 39. Ng5+ Ke8 40. d6 a5 41. Ne6 Ra7 42. Nc7+ Kd7 43. Nxb5 Ra6 44. Kf6 a4 45. Kg7 axb3 46. axb3 Rb6 47. Nd4 Rxd6 48. Nf3 Rb6 49. Kxh7 Ke7 50. Ne5 Rxb3 51. Kxg6 Ke6 52. Nf3 Rb2 53. Nd4+ Ke5 54. Nxf5 Rb6+ 55. Kg5 Rb8 56. g4 Rh8 57. h3 Rg8+ 58. Kh5 Kf6 59. h4 Rh8+ 60. Nh6 Rh7 61. g5+ Kg7 62. Kg4 Kg6 63. h5+ Kg7 64. Nf5+ Kh8 65. g6 Rc7 66. Kg5 Rc2 67. g4 Rc4 68. h6 Rc5 69. h7 Rc4 70. Nh6 Rc5+ 71. Kh4 Kg7 72. Nf7 Rc8 73. h8Q+ 1-0

[Event "Bellpuig op 2nd"]
[Site "Bellpuig"]
[Date "2012.02.18"]
[Round "6"]
[White "Parramon Guillaumet, Jaime"]
[Black "Solani Nunez, Joel"]
[Result "1-0"]
[WhiteElo "1891"]
[BlackElo "1697"]
[PlyCount "123"]
[EventDate "2012.01.14"]
[EventType "swiss"]
[EventRounds "8"]
[EventCountry "ESP"]
[SourceTitle "EXT 2014"]
[Source "ChessBase"]
[SourceDate "2013.11.20"]
[SourceVersion "1"]
[SourceVersionDate "2013.11.20"]
[SourceQuality "1"]

1. f4 d5 2. Nf3 Bf5 3. e3 e6 4. Be2 Bc5 5. d3 Nf6 6. h3 h5 7. c3 Nbd7 8. b4 Bb6 9. a4 c5 10. a5 Bc7 11. Ba3 b6 12. Qa4 cxb4 13. Bxb4 bxa5 14. Ba3 Ng8 15. Ne5 Bxe5 16. fxe5 Ne7 17. 0-0 0-0 18. d4 h4 19. Bd6 Nb6 20. Qxa5 Nc6 21. Qa3 Re8 22. Nd2 Qg5 23. Rf3 Be4 24. Nxe4 dxe4 25. Rf4 Nd5 26. Rxe4 Nxe3 27. Bf3 Nc4 28. Qc1 Qxc1+ 29. Rxc1 Nxd6 30. exd6 Red8 31. Rxh4 Rac8 32. Ra1 Rxd6 33. Ra6 Nxd4 34. Rxd6 Nf5 35. Rhd4 Nxd6 36. Rxd6 Rxc3 37. Rd8+ Kh7 38. Rd7 f6 39. Rxa7 e5 40. Kf2 Kh6 41. Ra4 g5 42. Be4 Rc7 43. Bf5 Kg7 44. Kf3 Rc6 45. Kg4 Kf7 46. Ra7+ Kf8 47. Kh5 Ke8 48. Kg6 Rb6 49. Rf7 Rb2 50. Rxf6 Rxg2 51. Re6+ Kd8 52. Rxe5 Rb2 53. Kxg5 Rb7 54. Kg6 Rb4 55. Re4 Rb6+ 56. Kg5 Rb7 57. h4 Rg7+ 58. Kf6 Rg8 59. Kf7 Rh8 60. Kg7 Rh5 61. Bg6 Rc5 62. h5 1-0

[Event "Lleida-ch U16"]
[Site "Vilanova de Segria"]
[Date "2012.02.18"]
[Round "6.4"]
[White "Solani Nunez, Joel"]
[Black "Monfa Escola, Joel"]
[Result "1-0"]
[WhiteElo "1662"]
[BlackElo "1742"]
[PlyCount "89"]
[EventDate "2012.01.14"]
[EventType "swiss"]
[EventRounds "6"]
[EventCountry "ESP"]
[SourceTitle "EXT 2024"]
[Source "ChessBase"]
[SourceDate "2023.10.10"]
[SourceVersion "1"]
[SourceVersionDate "2023.10.10"]
[SourceQuality "1"]

1. e4 c5 2. f4 d6 3. b3 e6 4. Bb2 Nf6 5. Nc3 a6 6. Qe2 Nc6 7. Nf3 b5 8. a4 b4 9. Nd1 Bb7 10. g3 Nd4 11. Nxd4 cxd4 12. Bxd4 Bxe4 13. Bxf6 Qxf6 14. Qxe4 d5 15. Qe5 Qxe5+ 16. fxe5 Bc5 17. Nf2 Bxf2+ 18. Kxf2 0-0 19. Ke3 a5 20. Rc1 Rfc8 21. Bg2 Rab8 22. Kd4 h6 23. c4 bxc3 24. Rxc3 Rb4+ 25. Kd3 Rcb8 26. Kc2 d4 27. Rd3 Rc8+ 28. Kb2 Rcb8 29. Rc1 Kh7 30. Ka3 Kg8 31. Rc5 Rd8 32. Rxa5 Rbb8 33. Rb5 Rbc8 34. Rb4 Rc5 35. Rbxd4 Rxd4 36. Rxd4 Rxe5 37. Bf3 g5 38. Re4 Rf5 39. Re3 Kg7 40. g4 Rf6 41. a5 e5 42. Be4 Rf2 43. a6 Rxd2 44. a7 Rd8 45. a8Q 1-0

[Event "Bellpuig op 2nd"]
[Site "Bellpuig"]
[Date "2012.02.04"]
[Round "4"]
[White "Quintas Galeano, Lluis"]
[Black "Solani Nunez, Joel"]
[Result "1-0"]
[WhiteElo "2140"]
[BlackElo "1697"]
[PlyCount "79"]
[EventDate "2012.01.14"]
[EventType "swiss"]
[EventRounds "8"]
[EventCountry "ESP"]
[SourceTitle "EXT 2014"]
[Source "ChessBase"]
[SourceDate "2013.11.20"]
[SourceVersion "1"]
[SourceVersionDate "2013.11.20"]
[SourceQuality "1"]

1. e4 e5 2. Nf3 Nc6 3. Bb5 a6 4. Ba4 Bc5 5. c3 Nf6 6. 0-0 0-0 7. d4 exd4 8. cxd4 Bb6 9. d5 Ne7 10. Nc3 d6 11. Bg5 Ng6 12. h3 h6 13. Bd2 Bd7 14. Bc2 c6 15. Be3 Bxe3 16. fxe3 Qb6 17. Qd2 Rfe8 18. Rae1 c5 19. e5 Nxe5 20. Nxe5 Rxe5 21. b3 Rae8 22. Rf3 Qa5 23. Re2 R8e7 24. Ref2 Ne8 25. Qd3 g6 26. e4 f6 27. Kh2 Rg7 28. Nd1 Qd8 29. Ne3 b5 30. a4 Qe7 31. axb5 axb5 32. Qf1 Rf7 33. Bd3 Nc7 34. Rxf6 Rxf6 35. Rxf6 Kg7 36. Rf2 Qe8 37. Ra2 Qb8 38. Qa1 Kh7 39. Ra7 Kg8 40. Qa5 1-0

[Event "Lleida-ch U16"]
[Site "Vilanova de Segria"]
[Date "2012.01.14"]
[Round "1.4"]
[White "Villaro Cos, Jordi"]
[Black "Solani Nunez, Joel"]
[Result "0-1"]
[WhiteElo "1703"]
[BlackElo "1662"]
[PlyCount "56"]
[EventDate "2012.01.14"]
[EventType "swiss"]
[EventRounds "6"]
[EventCountry "ESP"]
[SourceTitle "EXT 2024"]
[Source "ChessBase"]
[SourceDate "2023.10.10"]
[SourceVersion "1"]
[SourceVersionDate "2023.10.10"]
[SourceQuality "1"]

1. c4 e5 2. Nc3 Bc5 3. g3 Ne7 4. Bg2 0-0 5. e3 d6 6. Nge2 c6 7. 0-0 Be6 8. d3 d5 9. b3 a6 10. e4 d4 11. Nb1 Nd7 12. f4 f5 13. exf5 Bxf5 14. fxe5 Nxe5 15. Nf4 b5 16. cxb5 axb5 17. Be4 Bxe4 18. dxe4 Qd6 19. Bd2 N7g6 20. Ng2 Rxf1+ 21. Qxf1 Rf8 22. Qd1 Nf3+ 23. Kh1 Qe5 24. b4 Bb6 25. Ne1 Qxe4 26. Ng2 h5 27. h3 h4 28. g4 Qe5 0-1